000 00643nam a2200241 a 4500
001 nice12345678
003 IN_TiNIC
005 20260116014424.0
008 050524s2001 newa grp 000 0 eng
020 _a0195650
_c395
082 0 0 _a891.43909
_bFAR
100 _aFaruqi, Shamsur Rahman
245 _aEarly Urdu Literary Culture and History
260 _aNew Delhi
_bOxford University Press
_c2001
300 _a211p
500 _aincludes index and biblioraphy
505 2 _aIndex of Names
650 _aUrdu-Literature-history
700 1 _aFaruqi, Shamsur Rahman
902 _bSRS
942 _cBK
999 _c15224
_d15224